| 000 | 00407nam a22001577a 4500 | ||
|---|---|---|---|
| 003 | macl | ||
| 005 | 20180526123744.0 | ||
| 008 | 180526b xxu||||| |||| 00| 0 eng d | ||
| 040 | _cMACL | ||
| 082 | _a327.54/AGA | ||
| 100 |
_aDR.Agarwal AK _972600 |
||
| 245 | _aINDIAN INDUSTRIALISATION TRAJECTORY REDEFINED | ||
| 260 |
_aDelhi _bAtlantic _c2016 |
||
| 650 |
_aInternational Policy _968922 |
||
| 942 |
_2ddc _cBK |
||
| 999 |
_c58124 _d58124 |
||